LEADER 01676nam a2200241 i 4500 001 000000038444 003 CaOOAMICUS 005 20120817000000.0 008 120817s1608 xx u000 u lat u 013 $a9029 026 $an-s, s:s. d.t. f*tu (3) 1608 (R) - [*= Dittongo oe] 040 $aSeMil$bita 100 1 $aPasserat, Jean,$d<1534-1602>.$0(OLS)http://semarc/name/11844 245 10$aIoannis Passeratii professoris et interpretis regii, Commentarii in C. Val. Catullum, Albium Tibullum, et Sex. Aur. Propertium cum tribus accuratissimis rerum, verborum, autorum & emendationum indicibus. 260 $aParisiis :$b[s.n.],$c1608. 300 $a[264], 712, [64] p. ;$cfol. 500 $aFront. stampato in rosso e nero con vignetta calcogr. (veduta di Parigi). - Stampata probabilmente da Claude Morel, il cui nome compare nel privilegio. - Testo su due colonne. - Testate, iniz., fin. xilogr. - Segn. : ć4 A-E6 F8, 2A-P6, 3A-3M6 3N8, 4A-E6 F2. - Sul r. della prima c. di guardia : due poesie scritte a mano da Joseph Brugnolus nel 1691 e 1696. - Altre note ms. dello stesso Brugnoli sul front. 650 4$aLetteratura latina - Testi.$0(OLS)http://semarc/subject/1214 850 $aSeMil 852 $aSeMil$W1$xVenegono$y1$m1X VI 18 FA$j4599$B4599$CSeMilBibl$Z2$F4599 $8I 961 $aOmaggio: Biblioteca Seminario Seveso (fino al 1985) 996 $6245$aIoannis Passeratii professoris et interpretis regii, Commentarii in C. Val. Catullum, Albium Tibullum, et Sex. Aur. Propertium cum tribus accuratissimis rerum, verborum, autorum & emendationum indicibus$9(OLS)http://semarc/title/54257 996 $6260$aParisiis :$b[s.n.]$9(OLS)http://semarc/publisher/39968 LEADER 01078nam a2200253 i 4500 001 000000056637 003 CaOOAMICUS 005 19970909000000.0 008 970909n it u000 u ita u 013 $a27809 020 $a8886043082 040 $aSeMil$bita 245 12$aI cristiani di Milton Keynes :$bla prima cittą ecumenica del mondo. 490 0 $aTestimoni di un'Europa senza frontiere 650 4$aMilton Keynes .$0(OLS)http://semarc/subject/11460 650 4$aEcumenismo.$0(OLS)http://semarc/subject/3071 700 1 $aGirardet, Giorgio <1919-2011>.$0(OLS)http://semarc/name/24289 700 1 $aBacchi, Nando.$0(OLS)http://semarc/name/28677 830 0$aTestimoni di un'Europa senza frontiere.$0(OLS)http://semarc/title/13196 850 $aSeMil 852 $aSeMil$W1$xVenegono$y1$m2K V 242$j22791$B22791$CSeMilBibl$Z2$F22793 $81 961 $aOmaggio: Donazione 996 $6020$a8886043082$9(OLS)http://semarc/number/31861 996 $6245$aI cristiani di Milton Keynes :$bla prima cittą ecumenica del mondo$9(OLS)http://semarc/title/88096